000 00576nam a2200181 i 4500
001 23363
003 ES-MaACL
007 t|
008 000210s1878 gw ||||1| eng d
100 1 _aAlldridge, Lizzie.
_919966
245 1 0 _aBy love and law
_b: the story of an honorable woman /
_cby Lizzie Alldridge.
260 _aLeipzig :
_bBeruhard Tauchuik,
_c1878.
300 _a2 t. en 1 v. ;
_c16 cm.
490 1 _aCollection of British authors ;
_v1724-25
830 0 _aCollection of British authors ;
_v1724-25
_9180703
852 _aES-MaACL
_jG-12164
999 _c23363
_d23363